Quiz sur la Guadeloupe - Statistiques

Statistiques générales
  • Ce quiz a été pris 1 365 fois
  • Le résultat moyen est 12 sur 20
Statistiques - réponses
Question Réponse % Correct
Numéro du département 971
95%
Région Guadeloupe
77%
Préfecture Basse-Terre
76%
Mer qui borde la Guadeloupe. Mer des Caraïbes
74%
Judoka 10 fois champion du monde dans sa catégorie, né dans le département. Teddy Riner
74%
Sous-préfecture Pointe-à-Pitre
71%
Volcan et point culminant du département La Soufrière
69%
Île connue pour sa forme ronde et chantée par Laurent Voulzy. Marie-Galante
68%
Boulettes de poisson frites, spécialité des Antilles et de la Guadeloupe. Accras
67%
Pays situé au sud de la Guadeloupe Dominique
66%
Ceux prénommés Hugo, Irma ou Marylin ont fait de nombreux dégâts à la Guadeloupe. Ouragans
66%
Evénement festif inscrit au patrimoine culturel immatériel de l'Unesco, marqué par la mort de Vaval. Le Carnaval en kabwet
63%
Archipel dont les principales îles sont Terre-de-Haut, Terre-de-Bas et Grand-îlet. Les Saintes
59%
Crustacé qui donne son nom à une cascade, le site le plus visité du département. Ecrevisse
57%
Citez une des deux îles faisant partie du département de la Guadeloupe avant 2007. Saint-Martin / Saint-Barthélémy
55%
Gentilé Guadeloupéen(ne)
53%
Commune la plus peuplée Les Abymes
39%
Pays situé au nord de la Guadeloupe Antigua-et-Barbuda
35%
Île britannique situé au nord-ouest de la Guadeloupe Montserrat
25%
Nombre d'habitants (arrondi à la dizaine de milliers d'habitants) 390 000 (390 253)
22%
Aucun quiz correspondant
Distribution des résultats
% des personnes avec chaque résultat
Percentile par nombre de réponses
Votre historique - résultats
Vous n’avez pas pris ce quiz